000 00692nam a2200265Ia 4500
003 OSt
005 20221005073915.0
006 a|||||r|||| 00| 0
007 ta
008 221004b |||||||| |||| 00| 0 eng d
020 _a817391284X
024 _a33176
037 _cTextual
040 _aCRL
_cCRL
_beng
041 _2eng
_aeng
082 _aW:5, N9
100 _aBorgohain Bani
_9432596
245 0 _aHuman rights social justice and political challenge
260 _aNew Delhi
_bKanishka
_c1999
300 _a287p.
_ccm.
650 _a HUMAN RIGHTS
650 _aPOLITICAL SCIENCE
942 _hW:5, N9
_cTEXL
_2cc
999 _c981891
_d981891